[Event "XVI Festival A"]
[Site "Campobasso ITA"]
[Date "2009.07.25"]
[Round "4"]
[White "Sernagiotto, Mirko Virgilio"]
[Black "Maggi, Fabrizio"]
[Result "1-0"]
[WhiteElo "1963"]
[BlackElo "2074"]
[PlyCount "133"]
[EventDate "2009.07.24"]

1. Nf3 f5 2. d4 Nf6 3. g3 g6 4. Bg2 Bg7 5. c3 c5 6. d5 d6 7. a4 Na6 8. Nbd2 Nc7
9. c4 Bd7 10. e4 fxe4 11. Ng5 e3 12. fxe3 O-O 13. O-O Ng4 14. Ndf3 Qc8 15. h3
Ne5 16. Nxe5 Bxe5 17. Kh2 h6 18. Nf3 Bg7 19. Qc2 g5 20. Bd2 Qe8 21. g4 a6 22.
a5 Rb8 23. Bc3 b5 24. axb6 Rxb6 25. Bxg7 Kxg7 26. Nd2 Rh8 27. Be4 h5 28. Kg3
hxg4 29. hxg4 Bxg4 30. Qc3+ Kg8 31. Rh1 Bh5 32. Rh2 Qf7 33. Rah1 Ne8 34. Qxh8+
Kxh8 35. Rxh5+ Kg8 36. Rh8+ Kg7 37. R1h7+ Kf6 38. Rxf7+ Kxf7 39. b3 Nf6 40. Bf5
Kg7 41. Ra8 Kf7 42. Be6+ Kg7 43. Ra7 Kf8 44. Ra8+ Kg7 45. Bc8 Kg6 46. Bxa6 Kf5
47. Ra7 Nh5+ 48. Kg2 Kf6 49. Ra8 Kg7 50. Bb5 Nf6 51. Kf3 Nxd5 52. Ra7 Kf8 53.
Ra8+ Kg7 54. e4 Nc7 55. Ra5 Ne6 56. Kg4 Kf6 57. Nf3 Rb8 58. Ba4 Rb7 59. Ra6 Rb8
60. e5+ Kf7 61. exd6 exd6 62. Rxd6 Rb7 63. Rd7+ Rxd7 64. Bxd7 Nf8 65. Bf5 Kf6
66. Nxg5 Ke5 67. Nf3+ 1-0

[Event "XVI Festival A"]
[Site "Campobasso ITA"]
[Date "2009.07.25"]
[Round "4"]
[White "Sumets, Andrey"]
[Black "Chiaretti, Roberto"]
[Result "1-0"]
[WhiteElo "2595"]
[BlackElo "2195"]
[PlyCount "65"]
[EventDate "2009.07.24"]

1. d4 d5 2. c4 dxc4 3. e3 Nf6 4. Bxc4 e6 5. Nf3 c5 6. O-O a6 7. Bb3 Nc6 8. Nc3
b5 9. d5 exd5 10. a4 Nb4 11. e4 d4 12. e5 Nfd5 13. Nxd5 Nxd5 14. Bg5 Be7 15.
axb5 Be6 16. Bxe7 Qxe7 17. bxa6 O-O 18. Qd2 Nb4 19. Bxe6 fxe6 20. Qe2 Ra7 21.
Ra5 Rd8 22. Qc4 Rd5 23. h4 h6 24. Rc1 d3 25. Rd1 Qc7 26. Rb5 Kh8 27. h5 Kg8 28.
g4 Kh8 29. g5 hxg5 30. Qe4 Rxa6 31. Nxg5 Kg8 32. Qh7+ Kf8 33. Rb7 1-0

[Event "XVI Festival A"]
[Site "Campobasso ITA"]
[Date "2009.07.25"]
[Round "4"]
[White "Trebeschi, Andrea"]
[Black "Messina, Enrico"]
[Result "0-1"]
[WhiteElo "2047"]
[BlackElo "2110"]
[PlyCount "64"]
[EventDate "2009.07.24"]

1. e4 c5 2. Nf3 d6 3. Bc4 Nf6 4. d3 Nc6 5. c3 g6 6. Bb3 Bg7 7. O-O O-O 8. h3 b5
9. Re1 a5 10. d4 a4 11. Bc2 Nd7 12. Be3 Bb7 13. Nbd2 a3 14. b3 b4 15. Nc4 bxc3
16. dxc5 Nxc5 17. e5 Nb4 18. exd6 exd6 19. Bf4 Qf6 20. Be3 Nxc2 21. Qxc2 Be4
22. Qd1 Nd3 23. Re2 c2 24. Rxc2 Qxa1 25. Qxa1 Bxa1 26. Nxd6 Bxf3 27. gxf3 Nb4
28. Rd2 Bb2 29. Nc4 Rfd8 30. Re2 Rd1+ 31. Kg2 Ra1 32. Nxb2 Rxa2 0-1

[Event "XVI Festival A"]
[Site "Campobasso ITA"]
[Date "2009.07.25"]
[Round "4"]
[White "Vanacore, Francesco"]
[Black "Sannino, Raffaele"]
[Result "1/2-1/2"]
[WhiteElo "2055"]
[BlackElo "2015"]
[PlyCount "84"]
[EventDate "2009.07.24"]

1. e4 g6 2. d4 Bg7 3. Nc3 c6 4. Nge2 d5 5. Be3 Na6 6. Qd2 Nc7 7. f3 a6 8. e5 b5
9. Nf4 f6 10. exf6 exf6 11. Bd3 Kf7 12. Qf2 Ne7 13. Nce2 Bf5 14. g4 Bd7 15. O-O
Ne8 16. Ng3 Nd6 17. b3 Qc7 18. Rfe1 Rhe8 19. Re2 Ng8 20. Rae1 Re7 21. h4 Rae8
22. h5 f5 23. hxg6+ hxg6 24. gxf5 Nxf5 25. Nxf5 Bxf5 26. Bxf5 gxf5 27. c3 Qd6
28. Nd3 Kf8 29. Bf4 Qg6+ 30. Kf1 Rxe2 31. Rxe2 Rxe2 32. Qxe2 Ne7 33. Nc5 a5 34.
a4 b4 35. cxb4 axb4 36. Be5 Bh6 37. Qh2 f4 38. Bxf4 Qb1+ 39. Kg2 Qc2+ 40. Kg1
Qb1+ 41. Kg2 Qc2+ 42. Kh1 Qd1+ 1/2-1/2

[Event "XVI Festival A"]
[Site "Campobasso ITA"]
[Date "2009.07.25"]
[Round "4"]
[White "Vitobello, Pasquale"]
[Black "Cocchia, Umberto"]
[Result "1-0"]
[WhiteElo "2015"]
[BlackElo "1653"]
[PlyCount "73"]
[EventDate "2009.07.24"]

1. Nf3 Nf6 2. g3 g6 3. b3 Bg7 4. Bb2 d6 5. Bg2 O-O 6. d4 Nbd7 7. O-O Re8 8. c4
c5 9. d5 Rb8 10. Qc2 a6 11. Nbd2 b5 12. e4 b4 13. e5 Ng4 14. exd6 exd6 15. Bxg7
Kxg7 16. Rfe1 Nge5 17. h3 Nxf3+ 18. Nxf3 Nf6 19. Rxe8 Qxe8 20. Re1 Qd8 21. Qb2
Kg8 22. Re3 Bf5 23. Nd2 Rb7 24. g4 Bc8 25. Rf3 Nd7 26. Ne4 Qe7 27. Re3 Qe5 28.
Qxe5 dxe5 29. Nd6 Rc7 30. f4 f6 31. g5 exf4 32. Re8+ Nf8 33. Rxc8 Rxc8 34. Nxc8
fxg5 35. d6 Ne6 36. Bd5 Kf7 37. d7 1-0

[Event "XVI Festival A"]
[Site "Campobasso ITA"]
[Date "2009.07.26"]
[Round "5"]
[White "Chiaretti, Roberto"]
[Black "D'Orta, Antonio"]
[Result "1-0"]
[WhiteElo "2195"]
[BlackElo "1876"]
[PlyCount "43"]
[EventDate "2009.07.24"]

1. e4 Nc6 2. Nf3 g6 3. d4 Bg7 4. d5 Ne5 5. Nxe5 Bxe5 6. Bd3 d6 7. O-O Bg7 8. c4
c5 9. Nc3 Nh6 10. Bg5 Ng4 11. Qd2 h6 12. Bh4 O-O 13. f4 Bd4+ 14. Kh1 Be3 15.
Qe2 g5 16. f5 Ne5 17. Qxe3 Nxd3 18. Bxg5 Kh7 19. Bxh6 Ne5 20. Qg5 Rg8 21. Qh5
Rh8 22. Rf3 1-0

[Event "XVI Festival A"]
[Site "Campobasso ITA"]
[Date "2009.07.26"]
[Round "5"]
[White "Laudisa, Antonio"]
[Black "Basaric, Srdjan"]
[Result "0-1"]
[WhiteElo "1873"]
[BlackElo "2118"]
[PlyCount "87"]
[EventDate "2009.07.24"]

1. e4 d6 2. d4 Nf6 3. Nc3 Nbd7 4. Be3 e5 5. Nf3 Be7 6. h3 c6 7. Qd2 b5 8. Bd3
a6 9. g4 h6 10. Rg1 Bb7 11. h4 h5 12. gxh5 Nxh5 13. dxe5 dxe5 14. O-O-O Qc7 15.
Ng5 Nc5 16. Qe2 Bc8 17. Qf3 f6 18. Nh3 Be6 19. Kb1 O-O-O 20. Be2 Rxd1+ 21. Rxd1
Kb7 22. Qg2 Bf8 23. Qf1 Nf4 24. Nxf4 exf4 25. Bxc5 Bxc5 26. h5 Qe5 27. Qg2 Qg5
28. Qxg5 fxg5 29. Rg1 Bxf2 30. Rxg5 Bd4 31. e5 Bxc3 32. Rxg7+ Kb6 33. bxc3 Bd5
34. Rg5 f3 35. Bd3 Rf8 36. Rf5 Rh8 37. a3 Kc5 38. Kc1 Be6 39. Rf6 Kd5 40. Rxf3
Rxh5 41. Rf4 Rxe5 42. c4+ Kc5 43. cxb5 axb5 44. Re4 0-1

[Event "XVI Festival A"]
[Site "Campobasso ITA"]
[Date "2009.07.26"]
[Round "5"]
[White "Lazic, Miroljub"]
[Black "Safranska, Anda"]
[Result "1/2-1/2"]
[WhiteElo "2454"]
[BlackElo "2310"]
[PlyCount "51"]
[EventDate "2009.07.24"]

1. d4 g6 2. e4 Bg7 3. Nc3 c6 4. h3 d6 5. a4 Qa5 6. g3 Nf6 7. Bg2 O-O 8. Nge2 e5
9. O-O Re8 10. Be3 Nbd7 11. Qd2 exd4 12. Bxd4 Ne5 13. f4 Nc4 14. Qc1 Qc7 15. b3
Nb6 16. Qd2 a5 17. g4 d5 18. exd5 Nbxd5 19. Nxd5 Nxd5 20. Bxg7 Kxg7 21. Bxd5
cxd5 22. f5 gxf5 23. Qg5+ Kh8 24. Qf6+ Kg8 25. Nf4 Ra6 26. Qh4 1/2-1/2

[Event "XVI Festival A"]
[Site "Campobasso ITA"]
[Date "2009.07.26"]
[Round "5"]
[White "Lisi, Davide"]
[Black "Sellitti, Federico"]
[Result "1/2-1/2"]
[WhiteElo "2023"]
[BlackElo "2138"]
[PlyCount "31"]
[EventDate "2009.07.24"]

1. d4 Nf6 2. Nf3 e6 3. c4 b6 4. g3 Bb7 5. Bg2 Be7 6. O-O O-O 7. Nc3 d5 8. cxd5
Nxd5 9. Nxd5 exd5 10. Be3 Nd7 11. Rc1 Bd6 12. Ne1 Nf6 13. Nd3 Ne4 14. Bf4 Rc8
15. Bh3 Ra8 16. Qc2 1/2-1/2

[Event "XVI Festival A"]
[Site "Campobasso ITA"]
[Date "2009.07.26"]
[Round "5"]
[White "Mazza, Daniele"]
[Black "Di Lascio, Savino"]
[Result "1-0"]
[WhiteElo "1838"]
[BlackElo "2012"]
[PlyCount "59"]
[EventDate "2009.07.24"]

1. e4 c6 2. d4 d5 3. exd5 cxd5 4. Bd3 Nc6 5. c3 g6 6. Nf3 Bg7 7. O-O Nh6 8. Bf4
O-O 9. Nbd2 f6 10. Re1 Nf7 11. Bc2 e5 12. dxe5 fxe5 13. Be3 d4 14. cxd4 exd4
15. Bf4 d3 16. Bb3 Bxb2 17. Ng5 Qf6 18. g3 Bxa1 19. Nde4 Qg7 20. Nxf7 Rxf7 21.
Ng5 Be5 22. Nxf7 d2 23. Rxe5 Bf5 24. Nh6+ Kh8 25. Nxf5 gxf5 26. Rxf5 Re8 27.
Bxd2 Nd4 28. Bc3 Ne2+ 29. Qxe2 Rxe2 30. Rf8# 1-0

[Event "XVI Festival A"]
[Site "Campobasso ITA"]
[Date "2009.07.26"]
[Round "5"]
[White "Parrini, Daniele"]
[Black "Radice, Mario"]
[Result "1-0"]
[WhiteElo "2036"]
[BlackElo "1930"]
[PlyCount "72"]
[EventDate "2009.07.24"]

1. e4 c5 2. Nf3 e6 3. d4 cxd4 4. Nxd4 Nf6 5. Nc3 d6 6. g3 a6 7. Bg2 Be7 8. O-O
Qc7 9. f4 O-O 10. Be3 Rd8 11. Qe2 Nc6 12. Nb3 b5 13. a3 Bb7 14. g4 Rac8 15. g5
Nd7 16. Rf3 Na5 17. Nxa5 Qxa5 18. Raf1 Rxc3 19. bxc3 Bxe4 20. Rg3 Bf5 21. Bh3
Bxh3 22. Rxh3 Qxc3 23. Qh5 Qxc2 24. f5 Nf8 25. f6 Re8 26. fxe7 Rxe7 27. Rhf3
Qg6 28. Qg4 Nd7 29. Qd4 Ne5 30. Rg3 Nc4 31. Rc1 d5 32. a4 Re8 33. axb5 axb5 34.
Bf2 Ra8 35. Ra1 Rd8 36. h4 e5 1-0

[Event "XVI Festival A"]
[Site "Campobasso ITA"]
[Date "2009.07.26"]
[Round "5"]
[White "Petruccioli, Antonio"]
[Black "Vitobello, Pasquale"]
[Result "1-0"]
[WhiteElo "2098"]
[BlackElo "2015"]
[PlyCount "83"]
[EventDate "2009.07.24"]

1. e4 e6 2. d4 d5 3. exd5 exd5 4. Nf3 Nf6 5. Be2 Bd6 6. O-O O-O 7. c4 c6 8. Bg5
Bg4 9. cxd5 cxd5 10. Nc3 Be7 11. Qb3 Nbd7 12. Qxb7 Rb8 13. Qxa7 Rxb2 14. Rab1
Qb8 15. Qxb8 Rfxb8 16. Rxb2 Rxb2 17. Rb1 Ba3 18. Rxb2 Bxb2 19. Nb5 Ne4 20. Bd8
Nb8 21. h3 Bd7 22. a4 Nc6 23. Bb6 Nc3 24. Nxc3 Bxc3 25. Bb5 Nb8 26. Kf1 Kf8 27.
Ke2 Ke7 28. Kd3 Bb2 29. Bc5+ Kd8 30. Kc2 Ba1 31. Ne5 f6 32. Nd3 Nc6 33. Bxc6
Bxc6 34. a5 Ba4+ 35. Kd2 Bb5 36. Nf4 Bf1 37. g3 Bc4 38. Ne6+ Kc8 39. Nxg7 Kb7
40. Ne8 f5 41. Nf6 Ka6 42. Bb6 1-0

[Event "XVI Festival A"]
[Site "Campobasso ITA"]
[Date "2009.07.26"]
[Round "5"]
[White "Piccoli, Vincenzo"]
[Black "Castrogiovanni, Carlo"]
[Result "1-0"]
[WhiteElo "2007"]
[BlackElo "2020"]
[PlyCount "31"]
[EventDate "2009.07.24"]

1. e4 c5 2. Nf3 a6 3. Nc3 e6 4. d4 cxd4 5. Nxd4 Qc7 6. Rg1 Nf6 7. Be3 Be7 8. g4
O-O 9. Bd3 d6 10. Qe2 Nc6 11. g5 Nd7 12. f4 Nxd4 13. Bxd4 b5 14. Qh5 Bb7 15.
Rg3 g6 16. Qxh7+ 1-0

[Event "XVI Festival A"]
[Site "Campobasso ITA"]
[Date "2009.07.26"]
[Round "5"]
[White "Tacchi, Fabio"]
[Black "Parrella, Alfredo"]
[Result "1/2-1/2"]
[WhiteElo "1832"]
[BlackElo "2099"]
[PlyCount "125"]
[EventDate "2009.07.24"]

1. d4 Nf6 2. c4 g6 3. Nc3 Bg7 4. e4 d6 5. Nf3 O-O 6. Be2 Nbd7 7. O-O e5 8. d5
Nc5 9. Qc2 a5 10. Ne1 Ne8 11. Be3 b6 12. Nd3 f5 13. f3 f4 14. Bf2 h5 15. a3 g5
16. b4 Nb7 17. c5 dxc5 18. bxc5 g4 19. Qb3 Qg5 20. Kh1 g3 21. Bg1 Bh3 22. Bf2
Qh4 23. Bg1 Qg5 24. Bf2 Qh4 25. hxg3 fxg3 26. Bxg3 Qxg3 27. gxh3 Qxh3+ 28. Kg1
Qg3+ 29. Kh1 Nxc5 30. Qc2 Nxd3 31. Bxd3 Rf4 32. Qg2 Qh4+ 33. Qh2 Qe7 34. Qg3 h4
35. Qh3 Nf6 36. Ne2 Nh5 37. Nxf4 Nxf4 38. Qg4 Nxd3 39. Ra2 Rf8 40. Rd2 Nf4 41.
Rfd1 Rf6 42. Rh2 Rh6 43. a4 h3 44. Rc2 Rg6 45. Qc8+ Kh7 46. Rxc7 Qh4 47. Rc2
Qg3 48. Qc3 Nh5 49. Qe3 Bf8 50. Rg1 Qxg1+ 51. Qxg1 Rxg1+ 52. Kxg1 Bc5+ 53. Kh2
Nf4 54. Kg3 Kg6 55. Rd2 Kf7 56. Kg4 Ke7 57. Kf5 Kd6 58. Kg4 Bg1 59. Rc2 Bc5 60.
Kg3 Kd7 61. Kh2 Kd6 62. Rc1 Kd7 63. Rc2 1/2-1/2

[Event "XVI Festival A"]
[Site "Campobasso ITA"]
[Date "2009.07.26"]
[Round "5"]
[White "Vuelban, Virgilio"]
[Black "Lazarev, Vladimir"]
[Result "1-0"]
[WhiteElo "2404"]
[BlackElo "2462"]
[PlyCount "119"]
[EventDate "2009.07.24"]

1. e4 c5 2. Nf3 Nc6 3. d4 cxd4 4. Nxd4 Qc7 5. Nc3 e6 6. Be2 a6 7. O-O Nf6 8.
Kh1 Be7 9. Be3 d6 10. f4 O-O 11. Qe1 Nxd4 12. Bxd4 b5 13. Qg3 Bb7 14. a3 Bc6
15. Bd3 Qb7 16. Rae1 b4 17. Nd1 Bb5 18. axb4 Bxd3 19. cxd3 Qxb4 20. Bc3 Qb5 21.
Ne3 Rfe8 22. Ng4 Nxg4 23. Qxg4 Bf8 24. Rf3 f5 25. Qh4 Qd7 26. Rh3 h6 27. Rg3
fxe4 28. dxe4 e5 29. fxe5 Re6 30. exd6 Rxd6 31. Qh5 Qe8 32. Qe2 Qb5 33. Qg4 Qd7
34. e5 Qxg4 35. Rxg4 Re6 36. Ra4 Rc8 37. g4 g6 38. Kg2 Bg7 39. Ra5 Rc4 40. Kf3
Kf7 41. Re4 Rcc6 42. Rb4 Bf8 43. Rb7+ Re7 44. Rb8 Re8 45. Rxe8 Kxe8 46. Ke4 Kd7
47. Kd5 Be7 48. Bd4 Bb4 49. Ra1 a5 50. Rf1 Be7 51. Rf7 Rc2 52. Rh7 Rd2 53. Rxh6
g5 54. Rh7 a4 55. e6+ Kd8 56. Ke4 Re2+ 57. Kf5 Re1 58. Bb6+ Ke8 59. Rh8+ Bf8
60. Bc5 1-0

[Event "XVI Festival A"]
[Site "Campobasso ITA"]
[Date "2009.07.26"]
[Round "6"]
[White "Carnicelli, Valerio"]
[Black "Di Muccio, Lindoro"]
[Result "1-0"]
[WhiteElo "1747"]
[BlackElo "1935"]
[PlyCount "41"]
[EventDate "2009.07.24"]

1. e4 c5 2. Nf3 d6 3. d4 cxd4 4. Nxd4 Nf6 5. Nc3 e6 6. f3 a6 7. Be3 Be7 8. Qd2
b5 9. O-O-O O-O 10. g4 b4 11. Nce2 d5 12. e5 Nfd7 13. f4 Nc5 14. f5 Ne4 15. Qd3
Bg5 16. Bg2 Nf2 17. Qd2 Bxe3 18. Qxe3 Nxh1 19. Rxh1 Qb6 20. f6 Bd7 21. Qg5 1-0

[Event "XVI Festival A"]
[Site "Campobasso ITA"]
[Date "2009.07.26"]
[Round "6"]
[White "Chicco, Giancarlo"]
[Black "Fagnani, Alessandro"]
[Result "0-1"]
[WhiteElo "1493"]
[BlackElo "1852"]
[PlyCount "38"]
[EventDate "2009.07.24"]

1. b3 e5 2. Bb2 Nc6 3. g3 d5 4. Bg2 f5 5. e3 Nf6 6. d3 Bd6 7. Ne2 Be6 8. Nd2
Qd7 9. a3 O-O 10. O-O f4 11. exf4 exf4 12. Nf3 Bh3 13. Qd2 Nh5 14. b4 Qg4 15.
Bxh3 Qxh3 16. Ne1 fxg3 17. Nxg3 Bxg3 18. hxg3 Nxg3 19. fxg3 Rxf1# 0-1

[Event "XVI Festival A"]
[Site "Campobasso ITA"]
[Date "2009.07.26"]
[Round "6"]
[White "Colucci, Stefano"]
[Black "Sannino, Raffaele"]
[Result "0-1"]
[WhiteElo "1994"]
[BlackElo "2015"]
[PlyCount "74"]
[EventDate "2009.07.24"]

1. e4 g6 2. d4 Bg7 3. c4 d6 4. Nc3 Nf6 5. Nf3 O-O 6. Be2 c6 7. O-O Qc7 8. e5
dxe5 9. Nxe5 Nbd7 10. f4 Nb6 11. Be3 Rd8 12. Rc1 Nbd7 13. Bf3 Ne8 14. Qb3 Nf8
15. Ne4 f6 16. Nd3 Nd6 17. c5+ Nf7 18. Nc3 Be6 19. Qc2 Nh6 20. d5 cxd5 21. Nb5
Qd7 22. Nd4 Bf7 23. Rfe1 Ne6 24. Nxe6 Bxe6 25. Bd2 Nf5 26. c6 Qc8 27. c7 Rd6
28. Nb4 Bf7 29. Bg4 e6 30. Bxf5 gxf5 31. Be3 a5 32. Bc5 Rd7 33. Nxd5 Rxd5 34.
Be7 Ra6 35. Rcd1 Rc6 36. Rxd5 exd5 37. Qe2 Re6 0-1

[Event "XVI Festival A"]
[Site "Campobasso ITA"]
[Date "2009.07.26"]
[Round "6"]
[White "D'Orta, Antonio"]
[Black "Cordi', Domenico"]
[Result "0-1"]
[WhiteElo "1876"]
[BlackElo "2060"]
[PlyCount "54"]
[EventDate "2009.07.24"]

1. e4 Nf6 2. Nc3 e5 3. Nf3 Nc6 4. Bc4 Bc5 5. Nxe5 Nxe5 6. Bxf7+ Nxf7 7. d4 Bb4
8. O-O Bxc3 9. bxc3 d6 10. Qe2 O-O 11. e5 dxe5 12. dxe5 Qe7 13. a4 Qxe5 14. Qc4
Be6 15. Qh4 Qe4 16. Qg3 Bc4 17. f3 Qg6 18. Qxc7 Bxf1 19. Kxf1 Qxc2 20. Ba3 Rfe8
21. Be7 Nd5 22. Qxb7 Ne3+ 23. Ke1 Nxg2+ 24. Kf1 Ne3+ 25. Ke1 Ne5 26. Rd1 Qxd1+
27. Kf2 Qd2+ 0-1

[Event "XVI Festival A"]
[Site "Campobasso ITA"]
[Date "2009.07.26"]
[Round "6"]
[White "Lisi, Davide"]
[Black "Mazzarella, Antonio"]
[Result "1-0"]
[WhiteElo "2023"]
[BlackElo "2048"]
[PlyCount "67"]
[EventDate "2009.07.24"]

1. d4 d5 2. c4 e6 3. cxd5 exd5 4. Nc3 c6 5. Nf3 Nf6 6. Bg5 Be7 7. Qc2 g6 8. e3
Bf5 9. Bd3 Bxd3 10. Qxd3 Nbd7 11. O-O h6 12. Bxf6 Bxf6 13. Rac1 O-O 14. b4 a6
15. Na4 b5 16. Nc5 Nb6 17. Ne5 Bxe5 18. dxe5 Nc4 19. f4 Qe7 20. e4 Rfd8 21. Qh3
Kh7 22. e6 dxe4 23. f5 fxe6 24. fxg6+ Kxg6 25. Qg4+ Kh7 26. Qxe4+ Kh8 27. Qg6
Qg5 28. Qxg5 hxg5 29. Nxe6 Rd5 30. Rf6 Rc8 31. Rcf1 Ne3 32. Rh6+ Kg8 33. Rg6+
Kh8 34. Rf3 1-0

[Event "XVI Festival A"]
[Site "Campobasso ITA"]
[Date "2009.07.26"]
[Round "6"]
[White "Ljubisavljevic, Zivojin Z."]
[Black "Rizza, Francesco"]
[Result "1-0"]
[WhiteElo "2287"]
[BlackElo "2030"]
[PlyCount "71"]
[EventDate "2009.07.24"]

1. d4 Nf6 2. Bg5 e6 3. e4 h6 4. Bxf6 Qxf6 5. Nf3 d6 6. c4 g6 7. Nc3 Qe7 8. Bd3
Bg7 9. O-O O-O 10. e5 Nc6 11. Qe2 Rd8 12. Rad1 dxe5 13. dxe5 b6 14. h4 Bb7 15.
h5 g5 16. Qe4 Rd7 17. Qh7+ Kf8 18. Ne4 g4 19. Nf6 Bxf6 20. exf6 Qxf6 21. Nh2
Ne5 22. Be4 Bxe4 23. Qxe4 Rad8 24. Rde1 Nd3 25. Re2 Rd4 26. Qc6 Ne5 27. Qxc7
Nf3+ 28. gxf3 gxf3 29. Re3 Rf4 30. Rxf3 Rxf3 31. Nxf3 Rd3 32. Nh2 Qh4 33. Qb8+
Ke7 34. Qxa7+ Kf6 35. Qxb6 Rh3 36. Qd8+ 1-0

[Event "XVI Festival A"]
[Site "Campobasso ITA"]
[Date "2009.07.26"]
[Round "6"]
[White "Lombardi, Mariano"]
[Black "Locci, Damiano"]
[Result "1/2-1/2"]
[WhiteElo "2160"]
[BlackElo "2119"]
[PlyCount "20"]
[EventDate "2009.07.24"]

1. Nf3 d5 2. d4 g6 3. e3 Bg7 4. c4 dxc4 5. Bxc4 Nf6 6. Nc3 O-O 7. O-O c5 8.
dxc5 Qc7 9. Qe2 Nc6 10. Rd1 Bg4 1/2-1/2

[Event "XVI Festival A"]
[Site "Campobasso ITA"]
[Date "2009.07.26"]
[Round "6"]
[White "Mrdja, Milan"]
[Black "Gromovs, Sergejs"]
[Result "0-1"]
[WhiteElo "2418"]
[BlackElo "2339"]
[PlyCount "86"]
[EventDate "2009.07.24"]

1. e4 c5 2. Nf3 d6 3. d4 cxd4 4. Nxd4 Nf6 5. Nc3 a6 6. f3 e5 7. Nb3 Be6 8. Be3
Be7 9. Qe2 O-O 10. O-O-O Nbd7 11. g4 Rc8 12. g5 Nh5 13. Qd2 b5 14. Nd5 Bxd5 15.
exd5 Nb6 16. Bxb6 Qxb6 17. Bh3 Rc4 18. Kb1 Nf4 19. Bf1 Rc7 20. h4 b4 21. Qe1
Rfc8 22. Rh2 a5 23. Qe4 a4 24. Nc1 g6 25. Rhd2 f5 26. gxf6 Bxf6 27. h5 Nxh5 28.
Bh3 Rc4 29. Qe1 R8c7 30. b3 axb3 31. cxb3 Rc3 32. Ne2 Re3 33. Qh1 e4 34. fxe4
Qa6 35. Nc1 Qa3 36. Be6+ Kg7 37. Qh2 Rec3 38. Rb2 Be5 39. Qe2 Ng3 40. Qg2 Nxe4
41. Nd3 Bf6 42. Bf5 Rxd3 43. Rxd3 Bxb2 0-1

[Event "XVI Festival A"]
[Site "Campobasso ITA"]
[Date "2009.07.26"]
[Round "6"]
[White "Parrella, Alfredo"]
[Black "Mazza, Daniele"]
[Result "1-0"]
[WhiteElo "2099"]
[BlackElo "1838"]
[PlyCount "57"]
[EventDate "2009.07.24"]

1. d4 Nf6 2. Nf3 e6 3. e3 b6 4. Bd3 Bb7 5. Nbd2 d5 6. Ne5 a6 7. c3 Nbd7 8. Qc2
Bd6 9. f4 Bxe5 10. fxe5 Ng4 11. Nf3 g6 12. Bd2 f6 13. Bxg6+ Ke7 14. exf6+ Ngxf6
15. Bd3 Qg8 16. g3 Rf8 17. O-O-O Kd8 18. Rhf1 Ng4 19. e4 h5 20. e5 Kc8 21. Rde1
c5 22. Qd1 cxd4 23. cxd4 Kb8 24. Kb1 Rc8 25. Qe2 b5 26. Ng5 Qe8 27. Nf7 Nb6 28.
Nxh8 Qxh8 29. h3 1-0

[Event "XVI Festival A"]
[Site "Campobasso ITA"]
[Date "2009.07.26"]
[Round "6"]
[White "Procacci, Sergio"]
[Black "Parrini, Daniele"]
[Result "1-0"]
[WhiteElo "2073"]
[BlackElo "2036"]
[PlyCount "57"]
[EventDate "2009.07.24"]

1. e4 d6 2. d4 Nf6 3. Nc3 g6 4. Be2 Bg7 5. Be3 c6 6. Bf3 Nbd7 7. h4 h5 8. Nh3
e5 9. Ng5 Qe7 10. d5 Nb6 11. Qd3 cxd5 12. Bxb6 axb6 13. Nxd5 Nxd5 14. Qxd5 Ra5
15. Qb3 Qc7 16. Be2 Bf6 17. Bb5+ Kf8 18. a4 Bxg5 19. hxg5 Be6 20. Qd3 Ke7 21.
Qf3 Rha8 22. Qf6+ Kf8 23. O-O Qd8 24. Rad1 Qc7 25. b4 R5a7 26. f4 exf4 27. Rxf4
Kg8 28. c4 Rc8 29. e5 1-0

[Event "XVI Festival A"]
[Site "Campobasso ITA"]
[Date "2009.07.26"]
[Round "6"]
[White "Rizzo, Giacomo"]
[Black "Tacchi, Fabio"]
[Result "1-0"]
[WhiteElo "1720"]
[BlackElo "1832"]
[PlyCount "61"]
[EventDate "2009.07.24"]

1. e4 d6 2. d4 Nf6 3. Nc3 Nbd7 4. Be3 e5 5. Nf3 c6 6. a4 Be7 7. Bc4 O-O 8. O-O
Qc7 9. h3 b6 10. Nh4 Nxe4 11. Nf5 Ndf6 12. Nxe7+ Qxe7 13. Nxe4 Nxe4 14. dxe5 d5
15. Bb3 Qxe5 16. Re1 Be6 17. a5 Qc7 18. f3 Nf6 19. axb6 axb6 20. Rxa8 Rxa8 21.
Qc1 Nh5 22. c4 Bxh3 23. cxd5 c5 24. Qd2 Bd7 25. d6 Qd8 26. Bg5 Nf6 27. Re7 Be6
28. Bxe6 fxe6 29. Bxf6 gxf6 30. Qh6 Ra1+ 31. Kf2 1-0

[Event "XVI Festival A"]
[Site "Campobasso ITA"]
[Date "2009.07.26"]
[Round "6"]
[White "Safranska, Anda"]
[Black "Ficco, Corrado"]
[Result "1-0"]
[WhiteElo "2310"]
[BlackElo "2155"]
[PlyCount "125"]
[EventDate "2009.07.24"]

1. Nf3 f5 2. d3 Nf6 3. Nc3 g6 4. e4 d6 5. exf5 Bxf5 6. d4 Bg7 7. h3 O-O 8. g4
Be6 9. Ng5 Qd7 10. Bg2 c6 11. Qe2 Bf7 12. Nxf7 Rxf7 13. O-O Na6 14. f4 Nc7 15.
Qd3 e6 16. Ne2 d5 17. Be3 Nfe8 18. c3 Nd6 19. b3 a5 20. a4 b6 21. Ra2 Rff8 22.
Ng3 Rf7 23. Kh1 Kh8 24. Bg1 Raf8 25. Raf2 Bh6 26. Ne2 Bg7 27. Qe3 b5 28. Ra1
Ra8 29. Nc1 Rff8 30. Nd3 Nb7 31. Bh2 bxa4 32. Ne5 Bxe5 33. Qxe5+ Qg7 34. Qxg7+
Kxg7 35. bxa4 Ne8 36. Re2 Kf7 37. Rb1 Ned6 38. c4 Ra7 39. cxd5 exd5 40. Reb2
Nd8 41. f5 Nc4 42. fxg6+ Kxg6 43. Re2 Raf7 44. Bg3 Kg7 45. Kh2 Rb7 46. Rxb7+
Nxb7 47. h4 Nbd6 48. Rc2 Nc8 49. g5 N8b6 50. Bh3 Rf7 51. Re2 Nxa4 52. Re6 Nc3
53. Rxc6 a4 54. h5 a3 55. h6+ Kf8 56. Rc8+ Ke7 57. g6 hxg6 58. h7 Rxh7 59. Rc7+
Kf6 60. Rxh7 a2 61. Ra7 Nd2 62. Kg2 Kg5 63. Be1 1-0

[Event "XVI Festival A"]
[Site "Campobasso ITA"]
[Date "2009.07.26"]
[Round "6"]
[White "Sellitti, Federico"]
[Black "Forlano, Luigi"]
[Result "1-0"]
[WhiteElo "2138"]
[BlackElo "1987"]
[PlyCount "51"]
[EventDate "2009.07.24"]

1. e4 c5 2. f4 g6 3. Nf3 Bg7 4. Nc3 Nc6 5. Bb5 Nd4 6. O-O Nxb5 7. Nxb5 d5 8.
exd5 a6 9. Nc3 Nf6 10. Ne5 Nxd5 11. Qf3 Nxc3 12. dxc3 O-O 13. Be3 Qc7 14. Qd5
b6 15. Nxf7 e6 16. Qxa8 Bb7 17. Qxf8+ Bxf8 18. Ne5 g5 19. Ng4 Bg7 20. fxg5 Qc6
21. Rf2 Qe4 22. h3 Qc6 23. Rd1 Qc7 24. Bf4 e5 25. Bxe5 Bxe5 26. Nh6+ 1-0

[Event "XVI Festival A"]
[Site "Campobasso ITA"]
[Date "2009.07.26"]
[Round "6"]
[White "Sellitti, Luca"]
[Black "Maggi, Fabrizio"]
[Result "0-1"]
[WhiteElo "1908"]
[BlackElo "2074"]
[PlyCount "54"]
[EventDate "2009.07.24"]

1. e4 e6 2. d4 d5 3. Nd2 c5 4. exd5 exd5 5. Ngf3 Nc6 6. Bb5 Bd6 7. O-O Nge7 8.
dxc5 Bxc5 9. Nb3 Bd6 10. Bg5 O-O 11. c3 Re8 12. Nbd4 Qb6 13. Qd2 Bg4 14. Ba4 h6
15. Bh4 Ng6 16. Bg3 Bxg3 17. hxg3 Nge5 18. Nxc6 bxc6 19. Nxe5 Rxe5 20. Qf4 Re4
21. Qd6 Rxa4 22. Rfe1 Be6 23. Re5 c5 24. Qe7 Re4 25. Re1 Rxe5 26. Rxe5 c4 27.
Kh2 Qxf2 0-1

[Event "XVI Festival A"]
[Site "Campobasso ITA"]
[Date "2009.07.26"]
[Round "6"]
[White "Sumets, Andrey"]
[Black "Lazic, Miroljub"]
[Result "1-0"]
[WhiteElo "2595"]
[BlackElo "2454"]
[PlyCount "85"]
[EventDate "2009.07.24"]

1. d4 d5 2. c4 c6 3. Nc3 Nf6 4. e3 e6 5. Nf3 Nbd7 6. Qc2 Bd6 7. Bd3 O-O 8. O-O
dxc4 9. Bxc4 b5 10. Be2 Bb7 11. Rd1 Qb8 12. e4 e5 13. g3 Re8 14. dxe5 Nxe5 15.
Bg5 Nxf3+ 16. Bxf3 Be5 17. Rac1 a6 18. Bg2 h6 19. Be3 Bxc3 20. bxc3 c5 21. f3
Qc7 22. Qf2 Nd7 23. Rc2 c4 24. Rcd2 Nf8 25. Bb6 Qc8 26. Rd6 Re6 27. Qf1 Rxd6
28. Rxd6 Bc6 29. Qf2 Qb7 30. Ba5 Ne6 31. h4 Re8 32. Bh3 Nf8 33. Qb6 Qxb6+ 34.
Bxb6 Bb7 35. Be3 Ne6 36. Kf2 Rd8 37. Rxd8+ Nxd8 38. Bc5 f6 39. Be7 Nc6 40. Be6+
Kh8 41. Bd5 Nxe7 42. Bxb7 a5 43. a3 1-0